<?xml version="1.0" encoding="UTF-8"?>
<record
    xmlns:xsi="http://www.w3.org/2001/XMLSchema-instance"
    xsi:schemaLocation="http://www.loc.gov/MARC21/slim http://www.loc.gov/standards/marcxml/schema/MARC21slim.xsd"
    xmlns="http://www.loc.gov/MARC21/slim">

  <leader>03887nac a22002771u 4500</leader>
  <controlfield tag="008">100302t        xxu||||| |||| 00| 0 eng d</controlfield>
  <datafield tag="010" ind1=" " ind2=" ">
    <subfield code="a">  2006024576</subfield>
  </datafield>
  <datafield tag="020" ind1=" " ind2=" ">
    <subfield code="a">9781405132367 (hardback : alk. paper)</subfield>
  </datafield>
  <datafield tag="020" ind1=" " ind2=" ">
    <subfield code="a">1405132361 (hardback : alk. paper)</subfield>
  </datafield>
  <datafield tag="020" ind1=" " ind2=" ">
    <subfield code="a">9781405132374 (pbk. : alk. paper)</subfield>
  </datafield>
  <datafield tag="020" ind1=" " ind2=" ">
    <subfield code="a">140513237X (pbk. : alk. paper)</subfield>
  </datafield>
  <datafield tag="082" ind1="0" ind2="0">
    <subfield code="a">330.9172</subfield>
    <subfield code="b">GLO</subfield>
    <subfield code="2">22</subfield>
  </datafield>
  <datafield tag="245" ind1="0" ind2="4">
    <subfield code="a">The Globalization and Development Reader :</subfield>
    <subfield code="b">Perspectives on Development /</subfield>
    <subfield code="c">Edited by J. Timmons Roberts and Amy Hite.</subfield>
  </datafield>
  <datafield tag="260" ind1=" " ind2=" ">
    <subfield code="a">Malden, Mass. :</subfield>
    <subfield code="b">Blackwell Pub.,</subfield>
    <subfield code="c">c2007.</subfield>
  </datafield>
  <datafield tag="300" ind1=" " ind2=" ">
    <subfield code="a">xiv,450 p. ;</subfield>
    <subfield code="c">22 cm.</subfield>
  </datafield>
  <datafield tag="504" ind1=" " ind2=" ">
    <subfield code="a">Includes bibliographical references and index.</subfield>
  </datafield>
  <datafield tag="505" ind1="0" ind2=" ">
    <subfield code="a">Manifesto of the Communist Party (1848) and Alienated Labor (1844) / Karl Marx and Friedrich Engels -- The protestant ethic and the spirit of capitalism (1905) / Max Weber -- The stages of economic growth : a non-communist manifesto (1960) / W. W. Rostow -- The change to change : modernization, development, and politics (1971), and Political order in changing societies (1968) / Samuel Huntington -- The development of underdevelopment (1969) / Andre Gunder Frank -- Dependency and development in Latin America (1972) / Fernando Henrique Cardoso -- The rise and future demise of the world capitalist system : concepts for comparative analysis -- (1979) / Immanuel Wallerstein -- Rethinking development theory : insights from East Asia and Latin America (1989/1994) / Gary Gereffi -- Gender and the global economy (1999) / Valentine M. Moghadam -- The new international division of labor in the world economy (1980) / Folker Frbel, Jrgen Heinrichs, and Otto Kreye -- The informational mode of development and the restructuring of capitalism (1989) / Manuel Castells -- Cities in a world economy (2000) / Saskia Sassen -- Globalization : myths and realities (1996) / Philip McMichael -- Competing conceptions of globalization (1999) / Leslie Sklair -- It's a flat world, after all (2005) / Thomas L. Friedman -- In defense of global capitalism (2003) / Johan Norberg -- What strategies are viable for developing countries today? : the World Trade Organization and the shrinking of "development space" (2003) / Robert Hunter Wade -- Globalism's discontents (2002) / Joseph E. Stiglitz -- The new global economy and developing countries : making openness work (1999), and Has globalization gone too far? (1997) / Dani Rodrik -- Industrial convergence, globalization, and the persistence of the North-South divide (1999) / Giovanni Arrighi, Beverly J. Silver, and Benjamin D. Brewer -- The new development-security terrain (2001) / Mark Duffield -- The antiglobalization movement (2005) / Jeffrey D. Sachs -- Reconstructing world order : towards cosmopolitan social democracy (2002) / David Held and Anthony McGrew -- Environmental advocacy networks (1997) / Margaret E. Keck and Kathryn Sikkink -- What can we expect from global abor movements?: five commentaries (2002) / Ralph Armbruster, Bradley Nash, Jr., Gay Seidman, Robert Ross, Richard P. Appelbaum, Jennifer Bickham-Mendez, and Edna Bonacich -- Transnational solidarity : women's agency, structural adjustment, and globalization (2002) / Manisha Desai -- Counterhegemonic globalization : transnational social movements in the contemporary global political economy (2005) / Peter Evans.</subfield>
  </datafield>
  <datafield tag="650" ind1=" " ind2="0">
    <subfield code="a">Globalization.</subfield>
    <subfield code="9">12141</subfield>
  </datafield>
  <datafield tag="651" ind1=" " ind2="0">
    <subfield code="a">Developing countries</subfield>
    <subfield code="x">Economic conditions.</subfield>
    <subfield code="9">12142</subfield>
  </datafield>
  <datafield tag="651" ind1=" " ind2="0">
    <subfield code="a">Developing countries</subfield>
    <subfield code="x">Social conditions.</subfield>
    <subfield code="9">12143</subfield>
  </datafield>
  <datafield tag="700" ind1="1" ind2=" ">
    <subfield code="a">Roberts, J. Timmons.</subfield>
    <subfield code="9">12144</subfield>
  </datafield>
  <datafield tag="700" ind1="1" ind2=" ">
    <subfield code="a">Hite, Amy.</subfield>
    <subfield code="9">12145</subfield>
  </datafield>
  <datafield tag="856" ind1="4" ind2="1">
    <subfield code="3">Table of contents only</subfield>
    <subfield code="u">http://www.loc.gov/catdir/toc/ecip0618/2006024576.html</subfield>
  </datafield>
  <datafield tag="942" ind1=" " ind2=" ">
    <subfield code="c">BB</subfield>
    <subfield code="k">330.9172GLO</subfield>
    <subfield code="2">ddc</subfield>
  </datafield>
  <datafield tag="999" ind1=" " ind2=" ">
    <subfield code="c">2261</subfield>
    <subfield code="d">2261</subfield>
  </datafield>
  <datafield tag="952" ind1=" " ind2=" ">
    <subfield code="0">0</subfield>
    <subfield code="1">0</subfield>
    <subfield code="2">ddc</subfield>
    <subfield code="4">0</subfield>
    <subfield code="7">0</subfield>
    <subfield code="8">Baccah</subfield>
    <subfield code="a">MAIN</subfield>
    <subfield code="b">MAIN</subfield>
    <subfield code="c">1ST</subfield>
    <subfield code="d">2015-02-07</subfield>
    <subfield code="e">purchase</subfield>
    <subfield code="l">14</subfield>
    <subfield code="m">50</subfield>
    <subfield code="o">330.9172 GLO</subfield>
    <subfield code="p">000002081</subfield>
    <subfield code="r">2025-07-15 00:00:00</subfield>
    <subfield code="s">2020-11-04</subfield>
    <subfield code="y">BB</subfield>
  </datafield>
</record>
